Who do I lean on? #3 / Neta Jackson.
Available copies
- 0 of 1 copy available at LARL/NWRL Consortium.
Current holds
0 current holds with 1 total copy.
Show Only Available Copies
| Location | Call Number / Copy Notes | Barcode | Shelving Location | Status | Due Date |
|---|---|---|---|---|---|
| Roseau Public Library | JAC (Text) | 35500004747612 | Main | Checked out | 07/13/2026 |
Record details
- ISBN: 9781595545251 (pbk.)
- ISBN: 1595545255 (pbk.)
- Physical Description: xix, 377 p. ; 22 cm.
- Publisher: Nashville, Tenn. : Thomas Nelson, c2010.
Search for related items by subject
| Subject: | Christian women > Fiction. Shelters for the homeless > Fiction. Chicago (Ill.) > Fiction. |
| Genre: | Christian fiction. |
Search for related items by series
| LDR | 01025cam a2200313 a 4500 | ||
|---|---|---|---|
| 001 | 124614 | ||
| 003 | LARL_NWRL_CONSORTIUM | ||
| 005 | 20100611070643.0 | ||
| 008 | 100303s2010 tnu 000 f eng | ||
| 020 | . | ‡a9781595545251 (pbk.) | |
| 020 | . | ‡a1595545255 (pbk.) | |
| 035 | . | ‡a(OCoLC)464585707 | |
| 043 | . | ‡an-us-il | |
| 049 | . | ‡aNRG | |
| 082 | 0 | 0. | ‡a813/.54 ‡222 |
| 099 | . | ‡aFIC | |
| 100 | 1 | . | ‡aJackson, Neta. ‡0(LARL_NWRL_CONSORTIUM)88315 |
| 245 | 1 | 0. | ‡aWho do I lean on? ‡n#3 / ‡cNeta Jackson. |
| 260 | . | ‡aNashville, Tenn. : ‡bThomas Nelson, ‡cc2010. | |
| 300 | . | ‡axix, 377 p. ; ‡c22 cm. | |
| 490 | 0 | . | ‡aYada Yada house of hope ; ‡vbk. 3 |
| 650 | 0. | ‡aChristian women ‡vFiction. ‡0(LARL_NWRL_CONSORTIUM)171427 | |
| 650 | 0. | ‡aShelters for the homeless ‡vFiction. | |
| 651 | 0. | ‡aChicago (Ill.) ‡vFiction. ‡0(LARL_NWRL_CONSORTIUM)164108 | |
| 655 | 7. | ‡aChristian fiction. ‡2gsafd. | |
| 901 | . | ‡a124614 ‡bISxN ‡c124614 ‡tbiblio | |

Add to basket
Permalink
Disable Highlighting